000 00480nam a2200133Ia 4500
008 220216s9999 xx 000 0 und d
100 _aAmbily K.K
245 0 _aRhizosphere adaptation of natural rubber (Hevea brasiliensis) plants for pH and nutrient availability
260 _bInternational Rubber Conference, 22-24 October 2018, IRRDB, Abidjan, Cote D'Ivoire. Abstract Handbook. p. 43.
650 _aNutrient availability
650 _apH
700 _aJoseph M
942 _cBS
999 _c48672
_d48672